Faculty of Law Library — Cairo University

Official Online Catalog

The Criminal Justice System An Introduction / (Record no. 73277)

MARC details
000 -LEADER
fixed length control field 01492cac a2200409 i 4500
003 - CONTROL NUMBER IDENTIFIER
control field EG-GICUC
005 - DATE AND TIME OF LATEST TRANSACTION
control field 20260424132129.0
008 - FIXED-LENGTH DATA ELEMENTS--GENERAL INFORMATION
fixed length control field 260424s1976 mau f b 001 0 eng d
020 ## - INTERNATIONAL STANDARD BOOK NUMBER
International Standard Book Number 0395185920
040 ## - CATALOGING SOURCE
Original cataloging agency DLC
Transcribing agency DLC
Modifying agency DLC
-- EG-GICUC
Language of cataloging eng
Description conventions rda
041 ## - LANGUAGE CODE
Language code of text/sound track or separate title eng
050 00 - LIBRARY OF CONGRESS CALL NUMBER
Classification number HV9960.G7
Item number H36 2002
082 00 - DEWEY DECIMAL CLASSIFICATION NUMBER
Edition number 21
Classification number 343.3
Item number WA. C
092 04 - LOCALLY ASSIGNED DEWEY CALL NUMBER (OCLC)
Edition number 21
099 ## - LOCAL FREE-TEXT CALL NUMBER (OCLC)
Classification number Law 10 343.3 WA. C 1976 1011240 C1
100 1# - MAIN ENTRY--PERSONAL NAME
Personal name Waldron, Ronald J.
Relator term Author.
245 14 - TITLE STATEMENT
Title The Criminal Justice System An Introduction /
Statement of responsibility, etc. by Ronald J. Waldron, Jagdish C. Uppal, Chester L. Quarles, R. Paul Mccauley, Hilary Harper, Robert L. Frazier, James C. Benson, John R. Altemose.
264 ## - PRODUCTION, PUBLICATION, DISTRIBUTION, MANUFACTURE, AND COPYRIGHT NOTICE
Place of production, publication, distribution, manufacture Boston ;
-- Atlanta ;
-- Dallas ;
-- Geneva, Iii ;
-- Hopewell, N.j. ;
-- Palo Alto ;
-- London
Name of producer, publisher, distributor, manufacturer Houghton Mifflin Company,
Date of production, publication, distribution, manufacture, or copyright notice 1976.
300 ## - PHYSICAL DESCRIPTION
Extent 478 page ;
Dimensions 24 cm.
336 ## - CONTENT TYPE
Content type term text
Content type code txt
Source rdacontent
337 ## - MEDIA TYPE
Media type term unmediated
Media type code n
Source rdamedia
338 ## - CARRIER TYPE
Carrier type term volume
Carrier type code nc
Source rdacarrier
500 ## - GENERAL NOTE
General note Index Pages : 471-478.
650 14 - SUBJECT ADDED ENTRY--TOPICAL TERM
Topical term or geographic name entry element Criminal justice,
650 14 - SUBJECT ADDED ENTRY--TOPICAL TERM
Topical term or geographic name entry element Criminal procedure
650 14 - SUBJECT ADDED ENTRY--TOPICAL TERM
Topical term or geographic name entry element Criminal law
700 1# - ADDED ENTRY--PERSONAL NAME
Personal name Uppal, Jagdish C.
Relator term Author.
700 1# - ADDED ENTRY--PERSONAL NAME
Personal name Quarles, Chester L.
Relator term Author.
700 1# - ADDED ENTRY--PERSONAL NAME
Personal name Mccauley, R. Paul
Relator term Author.
700 1# - ADDED ENTRY--PERSONAL NAME
Personal name Harper, Hilary
Relator term Author.
700 1# - ADDED ENTRY--PERSONAL NAME
Personal name Frazier, Robert L.
Relator term Author.
700 1# - ADDED ENTRY--PERSONAL NAME
Personal name Benson, James C.
Relator term Author.
700 1# - ADDED ENTRY--PERSONAL NAME
Personal name Altemose, John R.
Relator term Author.
856 42 - ELECTRONIC LOCATION AND ACCESS
Uniform Resource Identifier <a href="https://fll.law.cu.edu.eg/fulltext/bks/B10-11240pdf">https://fll.law.cu.edu.eg/fulltext/bks/B10-11240pdf</a>
905 ## - Cataloger and Reviser Names
Cataloger Name: Mohamed Yosri
942 ## - ADDED ENTRY ELEMENTS (KOHA)
Source of classification or shelving scheme Dewey Decimal Classification
Koha item type Books
Edition 21
Suppress in OPAC No
Holdings
Withdrawn status Lost status Source of classification or shelving scheme Damaged status Not for loan Collection Home library Current library Date acquired Total checkouts Full call number Barcode Date last seen Copy number Price effective from Koha item type
    Dewey Decimal Classification   Not for loan القانون الجنائي جــــامعة القــاهرة مكتبة كلية الحقوق - المبنى الرئيسي 24.04.2026   Law 10 343.3 WA. C 1976 1011240 C1 B10-11240 24.04.2026 1 24.04.2026 Books

© All rights reserved — Faculty of Law, Cairo University